Normal view
MARC view
- Miller, Richard A.
Entry Personal Name
001 - CONTROL NUMBER
- control field: 108141
003 - CONTROL NUMBER IDENTIFIER
- control field: NUST
005 - DATE AND TIME OF LATEST TRANSACTION
- control field: 20230131085450.0
008 - FIXED-LENGTH DATA ELEMENTS
- fixed length control field: 230131|| aca||aabn | a|a d
040 ## - CATALOGING SOURCE
- Original cataloging agency: NUST
- Transcribing agency: NUST
100 ## - HEADING--PERSONAL NAME
- Personal name: Miller, Richard A.
670 ## - SOURCE DATA FOUND
- Source citation: Work cat.: (NUST)186003: Miller, Richard A.,, Bridge brilliance & blunders / , [1974]
